000 00679nam a2200229 a 4500
003 PILC
005 20150319141842.0
008 051118s cau 000 0 eng d
020 _a1576751384
020 _a0747570477
050 0 0 _aHD 58.7
_b.Z64 2004
100 1 _aZohar, Danah,
_d1945-
245 1 0 _aSpiritual capital :
_bwealth we can live by /
_cDanah Zohar, Ian Marshall.
250 _a1st ed.
260 _aSan Francisco :
_bBerrett-Koehler Publishers,
_cc2004.
300 _axii, 173 pages :
_billustrations ;
_c24 cm.
650 0 _aCorporate culture.
650 0 _aOrganizational behavior.
650 0 _aValues.
700 1 _aMarshall, Ian N.
942 _2lcc
_cBK
999 _c283797
_d283797